000
00265nam a2200121Ia 4500
008
190216s9999||||xx |||||||||||||| ||und||
100
_a
Null
245
0
_a
Hindi-Saine Ke Dhanth
260
_b
Vasunthara Prakashan
300
_a
126
650
_a
Hindi
942
_c
BK
999
_c
16259
_d
16259